000 00460nam a2200169 i 4500
001 81867
003 ES-MaACL
005 20250528063009.0
007 t|
008 041108s1963 ag ||||1| spa d
100 1 _aIbarbourou, Juana de
_964946
245 1 0 _aTiempo /
_cJuana de Ibarbourou.
260 _aBuenos Aires :
_bPlaza & Janés,
_c[1963]
300 _a199 p. ;
_c20 cm.
852 _aES-MaACL
_jC-24370
_bR.52272
999 _c81867
_d81867